[Event "Berlin Lichtenrade op 02nd"]
[Site "Berlin"]
[Date "2005.10.04"]
[Round "4"]
[White "Issel, Oliver"]
[Black "Decker, Nils"]
[Result "1-0"]
[WhiteElo "2158"]
[BlackElo "2032"]
[PlyCount "45"]
[EventDate "2005.10.01"]
[EventType "swiss"]
[EventRounds "9"]
[EventCountry "GER"]
[SourceTitle "CBM 108 Extra"]
[Source "ChessBase"]
[SourceDate "2005.11.04"]
[SourceVersion "1"]
[SourceVersionDate "2005.11.04"]
[SourceQuality "1"]

1. d4 Nf6 2. Nf3 e6 3. e3 b6 4. Bd3 Bb7 5. 0-0 c5 6. c4 Ne4 7. Nfd2 f5 8. Bxe4 fxe4 9. Qh5+ g6 10. Qe5 Rg8 11. Nxe4 Nc6 12. Qf4 Be7 13. dxc5 Rf8 14. Qg3 Nb4 15. Nbc3 bxc5 16. Nd6+ Bxd6 17. Qxd6 Qh4 18. e4 Rc8 19. Be3 Qe7 20. Nb5 Bxe4 21. Qe5 Bf5 22. Nd6+ Kd8 23. Nxc8 1-0